00770nam a2200205 i 4500001001000000003000900010005001700019007000300036008004100039040002500080049000900105082001900114110009700133245003800230264009000268300004400358942001400402952013100416999001700547000029650DO-SdBNP20250130101233.0ta110419s1981 dr a 000 0 spa d aDO-SdBNPbspacBNPHU aBNPD axxxbR426p2221 aRepública Dominicana.bSecretaría de Estado de Educación, Bellas Artes y Cultos92396510aPrograma de entrenamiento 1981-82 1aSanto Domingo :bSecretaría de Estado de Educación, Bellas Artes y Cultos,c1981. a63 páginas :bilustraciones ;c26 cm. 2ddccLBS1 00102ddc51708PDaBNPHUbBNPHUcCTd2011-04-19l0oBNPHU PD xxx R426pp29650-10r2020-06-25w2020-06-25yLBS1ZNo se presta c29142d29142